[Event "Voronezh op-B 22nd"]
[Site "Voronezh"]
[Date "2018.06.19"]
[Round "8"]
[White "Ragimli, Deniz"]
[Black "Ryumshin, Vladislav"]
[Result "1/2-1/2"]
[WhiteElo "1626"]
[BlackElo "1697"]
[PlyCount "67"]
[EventDate "2018.06.12"]
[EventType "swiss"]
[EventRounds "9"]
[EventCountry "RUS"]
[SourceTitle "CBM 185 Extra"]
[Source "ChessBase"]
[SourceDate "2018.07.29"]
[SourceVersion "1"]
[SourceVersionDate "2018.07.29"]
[SourceQuality "1"]

1. e4 e5 2. Bc4 Nc6 3. a3 Nf6 4. d3 Bc5 5. Nc3 a6 6. Bg5 h6 7. Bh4 d6 8. h3 Be6 9. Bxe6 fxe6 10. Qd2 Qe7 11. Nge2 g5 12. Bg3 0-0-0 13. 0-0-0 Nh5 14. f3 Nf4 15. Nxf4 exf4 16. Bf2 Bxf2 17. Qxf2 e5 18. Nd5 Qg7 19. c3 Kb8 20. Kb1 h5 21. Nb4 Nxb4 22. cxb4 h4 23. Rc1 d5 24. Rc5 dxe4 25. dxe4 Rd7 26. Rhc1 Rhd8 27. R5c2 Qe7 28. Qc5 Qxc5 29. Rxc5 Re8 30. Kc2 c6 31. Kb1 Kc8 32. Kc2 Kb8 33. Kb1 Kc8 34. Kc2 1/2-1/2

[Event "Voronezh op-B 22nd"]
[Site "Voronezh"]
[Date "2018.06.15"]
[Round "4"]
[White "Neklyudov, Taras"]
[Black "Ragimli, Deniz"]
[Result "1-0"]
[WhiteElo "1876"]
[BlackElo "1626"]
[PlyCount "117"]
[EventDate "2018.06.12"]
[EventType "swiss"]
[EventRounds "9"]
[EventCountry "RUS"]
[SourceTitle "CBM 185 Extra"]
[Source "ChessBase"]
[SourceDate "2018.07.29"]
[SourceVersion "1"]
[SourceVersionDate "2018.07.29"]
[SourceQuality "1"]

1. e4 c6 2. d4 d5 3. Nd2 dxe4 4. Nxe4 Qd5 5. Nc3 Qd6 6. Bc4 Nf6 7. Nge2 Bg4 8. f3 Bf5 9. Bf4 Qb4 10. Bb3 e6 11. 0-0 Be7 12. Qd2 Nbd7 13. a3 Qa5 14. Nd5 Qxd2 15. Nxf6+ Nxf6 16. Bxd2 0-0-0 17. Be3 Nd5 18. Bf2 Rd7 19. Rfd1 Rhd8 20. c4 Nf6 21. Rd2 b6 22. Rad1 Bg6 23. Be3 h6 24. Kf2 Kb7 25. Nf4 Bh7 26. Nd3 Bxd3 27. Rxd3 Bf8 28. Bc2 c5 29. dxc5 Bxc5 30. Bxc5 Rxd3 31. Rxd3 Rxd3 32. Bxd3 bxc5 33. b4 cxb4 34. axb4 Kb6 35. Ke3 a5 36. bxa5+ Kxa5 37. Kd4 Kb4 38. f4 Nd7 39. Be4 Nc5 40. Bc2 f6 41. h4 Nd7 42. Bd1 Nc5 43. g4 g5 44. fxg5 fxg5 45. hxg5 hxg5 46. Be2 Nd7 47. Bf1 Nf6 48. Be2 e5+ 49. Kxe5 Nxg4+ 50. Kd4 Nf6 51. c5 Ne8 52. Bg4 Nc7 53. Bd7 Ka5 54. Ke5 Kb4 55. Kd6 Na6 56. c6 Ka5 57. Bc8 Nb4 58. c7 Kb6 59. Be6 1-0

[Event "Voronezh op-B 20th"]
[Site "Voronezh"]
[Date "2016.06.19"]
[Round "7"]
[White "Ragimli, Deniz"]
[Black "Teryaeva, Valeria"]
[Result "0-1"]
[WhiteElo "1687"]
[BlackElo "1823"]
[PlyCount "48"]
[EventDate "2016.06.12"]
[EventType "swiss"]
[EventRounds "9"]
[EventCountry "RUS"]
[SourceTitle "EXT 2017"]
[Source "ChessBase"]
[SourceDate "2016.10.25"]
[SourceVersion "1"]
[SourceVersionDate "2016.10.25"]
[SourceQuality "1"]

1. e4 c5 2. Nf3 e6 3. g3 Nc6 4. Bg2 Nf6 5. Qe2 d5 6. d3 Be7 7. 0-0 0-0 8. Rd1 b5 9. c4 bxc4 10. exd5 cxd3 11. Qxd3 Nb4 12. Qb3 Nbxd5 13. Nc3 Qb6 14. Nxd5 Nxd5 15. Qxb6 axb6 16. Ne5 Rd8 17. Nc6 Rd7 18. Bxd5 exd5 19. Rxd5 Bf6 20. Rd2 Rxd2 21. Bxd2 Bb7 22. Nb4 cxb4 23. Bxb4 Bxb2 24. Rd1 h6 0-1